Nehru (Record no. 1136026)

MARC details
000 -LEADER
fixed length control field 00633nam a2200229Ia 4500
003 - CONTROL NUMBER IDENTIFIER
control field OSt
005 - DATE AND TIME OF LATEST TRANSACTION
control field 20221007065020.0
008 - FIXED-LENGTH DATA ELEMENTS--GENERAL INFORMATION
fixed length control field 221006b |||||||| |||| 00| 0 eng d
037 ## - SOURCE OF ACQUISITION
Terms of availability Textual
040 ## - CATALOGING SOURCE
Original cataloging agency FLL
Transcribing agency FLL
Language of cataloging eng
041 ## - LANGUAGE CODE
Source of code eng
Language code of text/sound track or separate title eng
100 ## - MAIN ENTRY--PERSONAL NAME
Personal name Prashad Ganesh Au.
9 (RLIN) 686544
245 #0 - TITLE STATEMENT
Title Nehru
Remainder of title A study in colonial liberalism
260 ## - PUBLICATION, DISTRIBUTION, ETC.
Place of publication, distribution, etc. Delhi
Name of publisher, distributor, etc. Sterling publishers pvt ltd. India
Date of publication, distribution, etc. 1976
300 ## - PHYSICAL DESCRIPTION
Extent 218p
Dimensions cm.
942 ## - ADDED ENTRY ELEMENTS (KOHA)
Classification part V2y7M89, L6
Koha item type Textual
Source of classification or shelving scheme Colon Classification (CC)
Holdings
Withdrawn status Lost status Source of classification or shelving scheme Damaged status Not for loan Home library Current library Date acquired Total Checkouts Full call number Barcode Date last seen Price effective from Koha item type
    Colon Classification (CC)     Faculty of Law Library Faculty of Law Library 2022-10-07   V2y7M89 L6 LL0578894 2022-10-07 2022-10-07 Textual
Copyright @ Delhi University Library System